00371nam a2200133Ia 4500003000900000008004100009040003300050041000800083080001100091100002400102245003400126260004000160300003700200LK-CoDNM010623t1921 xxu||||| |||| 00| 1 eng d aLK-CoDNMdLK-CoDNMeLK-CoDNM aeng a8 W 10 aWestermarck,Edward. aThe History of Human Marriage bMacmillan and CompanyaLondonc1921 bxxiii,571p., 22 260: Fifth cm